The best of Meer Taqi Meer: (Record no. 145169)
[ view plain ]
| 000 -LEADER | |
|---|---|
| fixed length control field | 00896nam a22002177a 4500 |
| 005 - DATE AND TIME OF LATEST TRANSACTION | |
| control field | 20180627124629.0 |
| 010 ## - LCCN (DPL NO) | |
| LC control number | 1718EN-30 ENG-122697 B-689547-551 |
| 020 ## - INTERNATIONAL STANDARD BOOK NUMBER | |
| International Standard Book Number | 9788170289609 |
| Terms of availability | 275.00 |
| 035 ## - SYSTEM CONTROL NUMBER | |
| System control number | EN-106229 |
| 035 ## - SYSTEM CONTROL NUMBER | |
| System control number | B-689547-551 |
| 037 ## - SOURCE OF ACQUISITION | |
| Source of stock number/acquisition | Rajpal & Sons |
| Stock number | dpl |
| 037 ## - SOURCE OF ACQUISITION | |
| Source of stock number/acquisition | DBAD/PUB. |
| 082 ## - DEWEY DECIMAL CLASSIFICATION NUMBER | |
| Classification number | 841 |
| 100 ## - MAIN ENTRY--PERSONAL NAME | |
| Personal name | Salil, Kuldip |
| 245 ## - TITLE STATEMENT | |
| Title | The best of Meer Taqi Meer: |
| Statement of responsibility, etc | by Kuldip Salil |
| Remainder of title | slected ghazals, nazms and rubaiyat with their lyrical translation in english and in roman script also / |
| 260 ## - PUBLICATION, DISTRIBUTION, ETC. (IMPRINT) | |
| Place of publication, distribution, etc | Delhi |
| Name of publisher, distributor, etc | Rajpal & Sons |
| Date of publication, distribution, etc | 2017 |
| 270 ## - ADDRESS | |
| Address | 1590, Madarsa Road, Kashmere Gate |
| City | Delhi |
| Postal code | 110006 |
| 300 ## - PHYSICAL DESCRIPTION | |
| Extent | 167p. |
| Dimensions | 21cm(Hb) |
| Other physical details | ill. |
| 942 ## - ADDED ENTRY ELEMENTS (KOHA) | |
| Source of classification or shelving scheme | Dewey Decimal Classification |
| Item type | English Books |
| Call number suffix | SAL |
| Classification part | 841 |
| Withdrawn status | Lost status | Not for loan | Collection code | Home library | Current library | Date acquired | Source of acquisition | Cost, normal purchase price | Full call number | Barcode | Copy number | Cost, replacement price | Koha item type |
|---|---|---|---|---|---|---|---|---|---|---|---|---|---|
| Non-fiction | Ashok Vihar | Ashok Vihar | 27/06/2018 | Rajpal & Sons/2589/5.12.2017/676/20.11.2017/30.01.2018 | 275.00 | 841 SAL | B-689548 | 1 | 275.00 | English Books | |||
| Non-fiction | Bawana | Bawana | 27/06/2018 | Rajpal & Sons/2589/5.12.2017/676/20.11.2017/30.01.2018 | 275.00 | 841 SAL | B-689551 | 1 | 275.00 | English Books | |||
| Non-fiction | Central Library | Central Library | 27/06/2018 | Rajpal & Sons/2589/5.12.2017/676/20.11.2017/30.01.2018 | 275.00 | 841 SAL | B-689547 | 1 | 275.00 | English Books | |||
| Non-fiction | Narela | Narela | 27/06/2018 | Rajpal & Sons/2589/5.12.2017/676/20.11.2017/30.01.2018 | 275.00 | 841 SAL | B-689550 | 1 | 275.00 | English Books | |||
| Non-fiction | Patel Nagar | Patel Nagar | 27/06/2018 | Rajpal & Sons/2589/5.12.2017/676/20.11.2017/30.01.2018 | 275.00 | 841 SAL | B-689549 | 1 | 275.00 | English Books | |||
| Not For Loan | Non-fiction | D.B.Act.Division | Shahdara Branch | 18/04/2018 | DBAD/PUB | 275.00 | 841 SAL | EN-106229 | 1 | 275.00 | English Books |
